Les palestiniens dans le siecle
Gespeichert in:
| 1. Verfasser: | |
|---|---|
| Format: | Buch |
| Sprache: | Französisch |
| Veröffentlicht: |
París
Gallimard
1994
|
| Schriftenreihe: | Decouvertes Gallimard Histoire, 201
|
| Schlagworte: | |
| Tags: |
Tag hinzufügen
Keine Tags, Fügen Sie den ersten Tag hinzu!
|
MARC
| LEADER | 00000nam a2200000 a 4500 | ||
|---|---|---|---|
| 001 | UCY2887 | ||
| 003 | CL-VaPUC | ||
| 008 | 941125e19940000FR |||||||||||||||||fre|d | ||
| 082 | 0 | 4 | |a 956.94 |b SAN |2 21 |
| 100 | 0 | |a Sanbar, Elías |e author |9 331036 | |
| 245 | 1 | 4 | |a Les palestiniens dans le siecle |
| 300 | |a 176 p | ||
| 942 | |c BK | ||
| 945 | |d 19941125 00:00:00 |a mfernand | ||
| 260 | |a París |b Gallimard |c 1994 | ||
| 650 | 0 | |a Historia |9 255047 | |
| 651 | 0 | |a Palestina |9 324189 | |
| 583 | |a last modification |c 19941125 00:00:00 |k Rodrigo Vera | ||
| 490 | 0 | |a Decouvertes Gallimard Histoire, 201 | |
| 999 | |c 231168 |d 231166 | ||
| 952 | |0 0 |1 0 |4 0 |6 956_940000000000000_SAN_1994 |7 0 |8 A |9 234027 |a BIBHIS |b BIBHIS |d 2019-11-15 |i 3034380 |o 956.94 SAN 1994 |p 3034380 |r 2025-01-20 |w 2019-11-15 |y BK |k HIS | ||